| 000 | 00659nam a22001817a 4500 | ||
|---|---|---|---|
| 999 |
_c57366 _d57366 |
||
| 003 | Ge_BSU | ||
| 005 | 20200603142944.0 | ||
| 008 | 200603s2007 xxu||||| |||| 00| 0 geo d | ||
| 041 | _ageo | ||
| 080 | _a630.3:674 გ-44 | ||
| 100 |
_aგვაზავა, ლევან. _98295 |
||
| 245 |
_aხე-ტყის დამზადება / _cლევან გვაზავა ; რედ. ა.ზედგინიძე. |
||
| 264 |
_aთბილისი, _c2007. |
||
| 300 |
_a160 გვ .: _c20 სმ. |
||
| 653 | _aხე-ტყის დამზადება | ||
| 700 |
_aზედგინიძე, ი _96240 |
||
| 942 |
_2udc _cBK |
||